Core J2EE patterns : (Record no. 176671)

000 -LEADER
fixed length control field 00945 a2200265 4500
003 - CONTROL NUMBER IDENTIFIER
control field Nust
005 - DATE AND TIME OF LATEST TRANSACTION
control field 20230531105659.0
010 ## - LIBRARY OF CONGRESS CONTROL NUMBER
LC control number 2001273451
020 ## - INTERNATIONAL STANDARD BOOK NUMBER
International Standard Book Number 8129701944
035 ## - SYSTEM CONTROL NUMBER
System control number (OCoLC)ocm46944967
040 ## - CATALOGING SOURCE
Transcribing agency Nust
082 00 - DEWEY DECIMAL CLASSIFICATION NUMBER
Classification number 005.2762,ALU
100 1# - MAIN ENTRY--PERSONAL NAME
Personal name Alur, Deepak.
9 (RLIN) 98115
245 10 - TITLE STATEMENT
Title Core J2EE patterns :
Remainder of title Best practices and design strategies /
Statement of responsibility, etc. Deepak Alur, John Crupi, Dan Malks ; [foreword by Grady Booch].
246 30 - VARYING FORM OF TITLE
Title proper/short title J2EE patterns
250 ## - EDITION STATEMENT
Edition statement 2nd
260 ## - PUBLICATION, DISTRIBUTION, ETC.
Place of publication, distribution, etc. Upper Saddle River, NJ :
Name of publisher, distributor, etc. Prentice Hall PTR,
Date of publication, distribution, etc. c2001.
300 ## - PHYSICAL DESCRIPTION
Extent xxvi, 459 p. :
Other physical details ill. ;
Dimensions 24 cm.
440 #0 - SERIES STATEMENT/ADDED ENTRY--TITLE
Title Java 2 platform, enterprise edition series
9 (RLIN) 98117
505 ## - FORMATTED CONTENTS NOTE
Formatted contents note Part-1: Patterns and J2EE (Page-32), Part-2: J2EE Patterns Catalog (Page-142), Part-3: Epilogue (Page-610).
650 #0 - SUBJECT ADDED ENTRY--TOPICAL TERM
Topical term or geographic name entry element Java (Computer program language)
9 (RLIN) 8017
700 1# - ADDED ENTRY--PERSONAL NAME
Personal name Crupi, John.
9 (RLIN) 98118
700 1# - ADDED ENTRY--PERSONAL NAME
Personal name Malks, Dan.
9 (RLIN) 98119
942 ## - ADDED ENTRY ELEMENTS (KOHA)
Source of classification or shelving scheme
Koha item type Book
Call number prefix 005.2762,ALU
Holdings
Withdrawn status Lost status Source of classification or shelving scheme Damaged status Not for loan Permanent Location Current Location Shelving location Date acquired Full call number Barcode Date last seen Price effective from Koha item type Public note
          Military College of Signals (MCS) Military College of Signals (MCS) General Stacks 12/12/2016 005.2762,ALU MCS31460 12/08/2016 12/12/2016 Book Almirah No.5, Shelf No.5
          Military College of Signals (MCS) Military College of Signals (MCS) General Stacks 12/12/2016 005.2762,ALU MCS31461 12/08/2016 12/12/2016 Book Almirah No.80, Shelf No.5
          Military College of Signals (MCS) Military College of Signals (MCS) General Stacks 12/12/2016 005.2762,ALU MCS31462 12/08/2016 12/12/2016 Book Almirah No.5, Shelf No.5
© 2023 Central Library, National University of Sciences and Technology. All Rights Reserved.